Регионална библиотека "Любен Каравелов" - Русе

Електра (Запис номер 426601)

MARC детайли
000 -Лидер
Контролно поле с фиксирана дължина nam a22 a 4500
003 - Код на организацията, давaща контролен номер
Контролно поле BLK
005 - Дата и час на последна редакция
Контролно поле 20210803164724.0
008 - Елементи от данни с фиксирана дължина
fixed length control field 210803b bu |||||r|||| 00| | bu d
040 ## - Източник на каталожния запис
Идентификатор на билиотеката - собственик на записа BLK
041 ## - Код за език
Код за езика на текст/звукозапис или на отделно заглавие Български
Код за езика КДБФ Български
080 ## - УДК
Текстов определител УДК Немска литература
УДК код - определител по УДК 821.112.2
УДК определител -21
УДК - код + определител 821.112.2-21
100 1# - Редна дума - Автор
R(LIN) 137672
Автор Хофманстал, Хуго фон
Авторска отговорност първи автор
139 ## - Редно поле
Редна дума Хофманстал, Хуго фон
245 ## - Сведения за заглавието
Заглавие Електра
Подзаглавни данни Трагедия в 1 действие
Редно поле (дума) Хуго фон Хофманстал ; Прев. от оригинала Вера Г. Бояджиева
260 ## - Област на издателските данни
9 (RLIN) 441842
Място на издаване, разпространение и проч. София
Име на издателя, разпространителя и проч. б. и.
Година на издаване 1930
Печатница София : Земледелско знаме
300 ## - Физическа характеристика
Страници 79 с.
Размери/Мащаб 21 см
380 ## - Жанр
Жанр Худож. лит.
700 ## - Други автори (авторска отговорност)
9 (RLIN) 1107
Лично име Бояджиева, Вера
Автороска отговорност (Описва отношението между автора и произведението) прев. от ориг.
852 ## - Местоположение
Форматна сигнатура Цб 8.205.1993
Фондова буква Хранилище
999 ## - СИСТЕМНИ КОНТРОЛНИ НОМЕРА
Koha biblionumber 426601
Koha biblioitemnumber 426601
942 ## - АРТИКУЛИ
Вид на библиотечния материал Книги
Скрит в OPAC Не
Периодичен библиозапис Да
944 ## - СЪЗДАВАНЕ И РЕДАКЦИЯ на ЗАПИСА
Създаване/Редакция Създаване
Дата на регистрацията/редакция 2021-08-03
Служител, извършил регистрацията/редакцията А.М.
Наличности
Код за отписване Код за изгубен артикул Източник на класификационната схема Код за повреда Коз за рестрикции Код за отдаване Артикулен № Име на библиотеката - собственик Име на библиотеката, в която се намира в момента Статус (Текущо местоположение) Дата на вписване в системата Местоположение - отдел Цена в лева Инвентарен номер Систематично азбучна сигнатура Баркод Цена в евро Служебен тип на артикула
  Не е изгубен Universal Decimal Classification Не е повреден само за читалня ползва се в читалня 846451 Регионална библиотека "Любен Каравелов" Русе Регионална библиотека "Любен Каравелов" Русе Хранилище 2021-08-04 Основен фонд - ползва се само за читалня 0.00 1993 Цб 8.205.1993 900000072205 0.00 Книги
Vip Innovations Ltd, Rousse, Bulgaria 2025